000 01040nac a22003131i 4500
003 EG-ScBUE
005 20260316103327.0
008 260316t2007 cauab f d 001 0 eng d
020 _a049510583X
020 _a9780495105831
040 _aEG-ScBUE
_beng
_erda
_cEG-ScBUE
_dEG-ScBUE
082 0 4 _a550
_bMON
_222
100 1 _aMonroe , James S.,
_eauthor.
245 1 0 _aPhysical geology :
_bexploring the earth /
_cJames S. Monroe, Reed Wicander, Richard Hazlett.
250 _aSixth edition.
264 1 _aBelmont, CA :
_bThomson Brooks/Cole,
_c[2007]
264 4 _cc2007
300 _axxiv, 690 pages :
_billustrations (some color), maps (some color) ;
_c28 cm
336 _2rdacontent
_atext
_btxt
337 _aunmediated
_2rdamedia
_bn
338 _avolume
_bnc
_2rdacarrier
500 _aIncludes glossary.
500 _aIncludes index.
650 7 _aPhysical geology
_vTextbooks.
_2BUEsh
655 _vReading book
700 1 _aWicander, Reed,
_d1946-
_eauthor.
700 1 _aHazlett, Richard W.,
_eauthor.
942 _cBB
_2ddc
999 _c1987
_d1987